Hagyomány és poszt-tradicionalizmus a magyarországi zsidóság identitásváltásai /

The paper examines in a comparative perspective the still existing and still needed static perception with the interactive views of Jewish tradition. As the paper elaborates the case of newly returned Hungarian Jews (baalei teshuva) and their need to return to an „authentic” traditional lifestyle, a...

Teljes leírás

Elmentve itt :
Bibliográfiai részletek
Szerző: Vincze Kata Zsófia
Dokumentumtípus: Könyv része
Megjelent: 2014
Sorozat:A vallási kultúrakutatás könyvei
Hagyományláncolat és modernitás
Kulcsszavak:Zsidók története - Magyarország - 19-20. sz.
Tárgyszavak:
Online Access:http://acta.bibl.u-szeged.hu/67213
LEADER 01596naa a2200253 i 4500
001 acta67213
005 20211122091633.0
008 200527s2014 hu o 0|| hun d
020 |a 978-963-306-283-8 
022 |a 2064-4825 
040 |a SZTE Egyetemi Kiadványok Repozitórium  |b hun 
041 |a hun 
041 |a eng 
100 1 |a Vincze Kata Zsófia 
245 1 0 |a Hagyomány és poszt-tradicionalizmus   |h [elektronikus dokumentum] :  |b a magyarországi zsidóság identitásváltásai /  |c  Vincze Kata Zsófia 
260 |c 2014 
300 |a 303-317 
490 0 |a A vallási kultúrakutatás könyvei 
490 0 |a Hagyományláncolat és modernitás 
520 3 |a The paper examines in a comparative perspective the still existing and still needed static perception with the interactive views of Jewish tradition. As the paper elaborates the case of newly returned Hungarian Jews (baalei teshuva) and their need to return to an „authentic” traditional lifestyle, argues that the tradition consists from various aspects from the concept of what a certain group believes to be „traditional” to the everyday lifestyle that incorporates elements that are labeled as „traditional”, „modern”, „surviving”, „reviving”. However, ultimately the revival of traditional elements serve as future identity framework for new Jewish identities. 
650 4 |a Társadalomtudományok 
650 4 |a Szociológia 
695 |a Zsidók története - Magyarország - 19-20. sz. 
856 4 0 |u http://acta.bibl.u-szeged.hu/67213/1/vallasi_kulturakutatas_konyvei_011_303-317.pdf  |z Dokumentum-elérés